Proposals for changes in the United nations (Record no. 425707)

000 -LEADER
fixed length control field 00436cam a22001337a 4500
008 - FIXED-LENGTH DATA ELEMENTS--GENERAL INFORMATION
fixed length control field 180718b1955 xxu||||| |||| 00| 0 eng d
082 ## - DEWEY DECIMAL CLASSIFICATION NUMBER
Classification number D613 W643
100 ## - MAIN ENTRY--PERSONAL NAME
Personal name Wilcox, Francis O.
245 ## - TITLE STATEMENT
Title Proposals for changes in the United nations
Statement of responsibility, etc. by Francis O. Wilcox and Carl M. Marcy
260 ## - PUBLICATION, DISTRIBUTION, ETC.
Place of publication, distribution, etc. Washington
Name of publisher, distributor, etc. Brookings Institution
Date of publication, distribution, etc. 1955
300 ## - PHYSICAL DESCRIPTION
Extent xiv, 537p
650 ## - SUBJECT ADDED ENTRY--TOPICAL TERM
Topical term or geographic name entry element United Nations. Charter --Amendments
700 ## - ADDED ENTRY--PERSONAL NAME
Personal name Marcy, Carl M.
Holdings
Withdrawn status Lost status Damaged status Not for loan Permanent Location Current Location Date acquired Full call number Barcode Date last seen Price effective from Koha item type
        Indian Institute of Public Administration Indian Institute of Public Administration 2009-10-13 D613 W643 3260 2018-07-21 2018-07-21 Book

Powered by Koha